[Event "TUR-chT Clubs"]
[Site "Konya"]
[Date "2019.07.20"]
[Round "7.21"]
[White "Bogaz, Muhammet"]
[Black "Dogan, Ugur"]
[Result "1-0"]
[WhiteElo "1443"]
[BlackElo "1612"]
[PlyCount "115"]
[EventDate "2019.07.16"]
[EventType "team-swiss"]
[EventRounds "9"]
[EventCountry "TUR"]
[SourceTitle "CBM 191 Extra"]
[Source "ChessBase"]
[SourceDate "2019.09.30"]
[SourceVersion "1"]
[SourceVersionDate "2019.09.30"]
[SourceQuality "1"]
[WhiteTeam "Corum Mavi Ay"]
[BlackTeam "Elazig Genclik"]
[WhiteTeamCountry "TUR"]
[BlackTeamCountry "TUR"]

1. d4 d5 2. e3 Nf6 3. Bd3 e6 4. f4 Be7 5. Nf3 b6 6. Qe2 a5 7. Ne5 0-0 8. Nd2 c5 9. c3 Qc7 10. 0-0 Bb7 11. Qf3 Nbd7 12. g4 g6 13. Qg2 Kg7 14. h4 h5 15. Nxg6 fxg6 16. gxh5 Kh8 17. hxg6 Kg7 18. Qh3 Qd6 19. Nf3 Ne4 20. Bd2 Nxd2 21. Nxd2 Nf6 22. Nf3 Ne4 23. Ne5 Bf6 24. Nf7 Rxf7 25. gxf7 Kxf7 26. Rf3 Rh8 27. h5 Qf8 28. Qh2 Bc8 29. Kh1 Qh6 30. f5 Qxh5 31. fxe6+ Bxe6 32. Qxh5+ Rxh5+ 33. Kg2 Rg5+ 34. Kh1 Bg4 35. Rf4 Ng3+ 36. Kh2 Nf5 37. Raf1 Rh5+ 38. Kg1 Ke6 39. Rxg4 Nxe3 40. Re1 cxd4 41. cxd4 Bg5 42. Kf2 Rh2+ 43. Kf3 Rh3+ 44. Kf2 Kf6 45. Rxg5 Kxg5 46. Rxe3 Rh2+ 47. Kg3 Rxb2 48. Re5+ Kf6 49. Kf4 Rf2+ 50. Ke3 Rxa2 51. Rxd5 Rb2 52. Rb5 Ra2 53. Rxb6+ Ke7 54. Ke4 a4 55. Ke5 a3 56. Rb7+ Kd8 57. Kd6 Kc8 58. Ba6 1-0

[Event "TUR-chT Clubs"]
[Site "Konya"]
[Date "2019.07.19"]
[Round "6.16"]
[White "Aycicek, Sahin"]
[Black "Dogan, Ugur"]
[Result "1-0"]
[WhiteElo "1660"]
[BlackElo "1612"]
[PlyCount "73"]
[EventDate "2019.07.16"]
[EventType "team-swiss"]
[EventRounds "9"]
[EventCountry "TUR"]
[SourceTitle "CBM 191 Extra"]
[Source "ChessBase"]
[SourceDate "2019.09.30"]
[SourceVersion "1"]
[SourceVersionDate "2019.09.30"]
[SourceQuality "1"]
[WhiteTeam "Cendosk Cendere Doga"]
[BlackTeam "Elazig Genclik"]
[WhiteTeamCountry "TUR"]
[BlackTeamCountry "TUR"]

1. c4 c6 2. g3 Nf6 3. Bg2 d5 4. Nf3 e6 5. 0-0 Nbd7 6. cxd5 exd5 7. d4 Be7 8. Nc3 0-0 9. Qc2 Re8 10. Bf4 Nf8 11. Ne5 Ng6 12. Kh1 Bd6 13. Nxg6 hxg6 14. Bxd6 Qxd6 15. Qb3 b6 16. Rac1 Bf5 17. e3 g5 18. Kg1 Rac8 19. Rfd1 Ng4 20. Rd2 Qh6 21. h3 Nf6 22. g4 Be6 23. Qa3 a5 24. Rdc2 b5 25. Qxa5 Qh4 26. Nd1 Bd7 27. a3 g6 28. Qb4 Kg7 29. Qd6 Re6 30. Qg3 Qxg3 31. fxg3 Ne8 32. Bxd5 cxd5 33. Rxc8 Bxc8 34. Rxc8 Nf6 35. Rb8 Rc6 36. Nc3 Re6 37. Kf2 1-0

[Event "TUR Cup"]
[Site "Antalya"]
[Date "2019.02.02"]
[Round "10"]
[White "Karakus, Ali"]
[Black "Dogan, Ugur"]
[Result "1/2-1/2"]
[WhiteElo "1303"]
[BlackElo "1670"]
[PlyCount "80"]
[EventDate "2019.01.27"]
[EventType "swiss"]
[EventRounds "11"]
[EventCountry "TUR"]
[SourceTitle "CBM 188 Extra"]
[Source "ChessBase"]
[SourceDate "2019.02.26"]
[SourceVersion "1"]
[SourceVersionDate "2019.02.26"]
[SourceQuality "1"]

1. e4 e6 2. d4 d5 3. Bd3 dxe4 4. Bxe4 Nf6 5. Bf3 Nbd7 6. b3 Bd6 7. Bb2 Qe7 8. Nh3 e5 9. 0-0 0-0 10. Re1 Re8 11. Ng5 Qf8 12. Nd2 exd4 13. Bxd4 Rxe1+ 14. Qxe1 Bxh2+ 15. Kxh2 Qd6+ 16. g3 Qxd4 17. Nc4 Qc5 18. Ne4 Nxe4 19. Bxe4 Qh5+ 20. Kg2 Nf6 21. Kg1 Bg4 22. Bxb7 Re8 23. Qd2 h6 24. Re1 Rxe1+ 25. Qxe1 Be6 26. Nd2 Qc5 27. c4 Qb4 28. Bf3 Qc3 29. Qe2 Qa1+ 30. Nf1 h5 31. Kg2 Qb1 32. Ne3 g6 33. Qc2 Qa1 34. Qd2 Qe5 35. Qb4 a5 36. Qb8+ Kg7 37. Qa7 Ng4 38. Nc2 Kh7 39. Qd4 Qg5 40. Bxg4 Bxg4 1/2-1/2

[Event "TUR-chT2"]
[Site "Konya"]
[Date "2018.07.11"]
[Round "2.17"]
[White "Sanlisavas, Murat"]
[Black "Dogan, Ugur"]
[Result "1-0"]
[WhiteElo "1560"]
[BlackElo "1693"]
[PlyCount "157"]
[EventDate "2018.07.10"]
[EventType "team-swiss"]
[EventRounds "9"]
[EventCountry "TUR"]
[SourceTitle "EXT 2019"]
[Source "ChessBase"]
[SourceDate "2018.10.10"]
[SourceVersion "1"]
[SourceVersionDate "2018.10.10"]
[SourceQuality "1"]
[WhiteTeam "Antalya Cankaya Univ"]
[BlackTeam "Elazig Genclik"]
[WhiteTeamCountry "TUR"]
[BlackTeamCountry "TUR"]

1. e4 c6 2. d4 d5 3. Nc3 dxe4 4. Nxe4 Bf5 5. Ng3 Bg6 6. h4 h6 7. Bc4 Nf6 8. N1e2 Nd5 9. Bxd5 cxd5 10. Nf4 Bh7 11. c3 e6 12. Ngh5 Nc6 13. Qg4 Bf5 14. Nxg7+ Bxg7 15. Qxg7 Rh7 16. Qg8+ Kd7 17. Qxd8+ Rxd8 18. f3 h5 19. Kf2 f6 20. Rg1 Rg8 21. Bd2 Kd6 22. Rae1 e5 23. dxe5+ Nxe5 24. Be3 a6 25. Rd1 Be6 26. b4 Bf7 27. Rd4 Nc6 28. Rd2 Rhg7 29. Bc5+ Ke5 30. g3 Rd8 31. Re2+ Kf5 32. Bb6 Rd7 33. Nd3 Ne5 34. Nc5 Re7 35. f4 Ng4+ 36. Kf3 Rxe2 37. Kxe2 Be8 38. Nb3 Re7+ 39. Kf3 Kg6 40. a3 Bc6 41. Bd4 Bb5 42. Rg2 Bf1 43. Rd2 Re1 44. a4 Bc4 45. Nc5 b6 46. Nd3 Re6 47. Nf2 Nh2+ 48. Kg2 Nf1 49. Rd1 Ne3+ 50. Bxe3 Rxe3 51. Rc1 Be2 52. Nd1 Bxd1 53. Rxd1 Rxc3 54. Rxd5 Rc4 55. b5 Rxa4 56. bxa6 Rxa6 57. Rb5 f5 58. Rb3 Kf6 59. Kf3 Ke6 60. Ke3 Kd6 61. Rb5 Ke6 62. Re5+ Kf6 63. Rb5 Ke6 64. Kd4 Ra4+ 65. Ke3 Ra3+ 66. Kf2 Ra6 67. Ke2 Kf6 68. Rb3 Ra2+ 69. Kd3 Rg2 70. Kc4 Rc2+ 71. Kb5 Rc8 72. Ka6 Rc6 73. Rxb6 Rxb6+ 74. Kxb6 Ke7 75. Kc7 Ke6 76. Kc6 Ke7 77. Kd5 Kf7 78. Ke5 Kg6 79. Ke6 1-0